Formula One World Championships, by Country - Statistics

General Stats
  • This quiz has been taken 467 times
  • The average score is 12 of 14
Answer Stats
rank Country victories % Correct
2 Germany 12
99%
1 United Kingdom 16
99%
3 Brazil 8
96%
5 France 4
95%
10 United States 2
93%
9 Italy 3
92%
5 Finland 4
91%
4 Argentina 5
89%
10 Spain 2
89%
5 Australia 4
87%
5 Austria 4
83%
12 Canada 1
81%
12 South Africa 1
75%
12 New Zealand 1
74%
No matching quizzes found
Score Distribution
Percent of People with Each Score
Percentile by Number Answered
Your Score History
You have not taken this quiz